| 000 | 00521nam a2200157 i 4500 | ||
|---|---|---|---|
| 001 | 42742 | ||
| 003 | ES-MaACL | ||
| 005 | 20230906160654.0 | ||
| 007 | t| | ||
| 008 | 030313s1945 sp ||||1| spa d | ||
| 100 | 1 |
_aCerdá Richart, Baldomero. _937464 |
|
| 245 | 1 | 0 |
_aEstudios elementales sobre previsión y seguros sociales _b: teoria general de la previsión y sus formas / _cpor Baldomero Cerdá Richart. |
| 260 |
_aBarcelona : _bBosch, _c[1945] |
||
| 300 |
_a197 p. ; _c23 cm. |
||
| 852 |
_aES-MaACL _jB-10300 _bR.21930 |
||
| 999 |
_c42742 _d42742 |
||